000 00946na a2200289 4500
001 15825
003 MIRAKIL
005 20181213155115.0
008 160924b tu 000 0
020 _a9757669504
035 _a15825
040 _aMilas
_btur
_cTR-AnCHP
082 _a323.09561
_bK21d 1996
090 _a323.09561 K21d 1996
100 _aKaboğlu, İbrahim Ö.
245 _aDayanışma hakları
_cİbrahim Ö. Kaboğlu
260 _aAnkara
_bTürkiye ve Orta Doğu Amme İdaresi Enstitüsü (TODAİE)
_c1996
300 _a61 s.
_c19 sm.
490 _aTürkiye ve Orta Doğu Amme İdaresi Enstitüsü yayınları
_v269
490 _aİnsan Hakları Araştırma ve Derleme Merkezi
_v11
490 _aİnsan Hakları ve Demokrasi Eğitimi Elkitapları dizisi
_v2
504 _aKaynakça var.
650 _aİnsan hakları
_xHukuk
650 _aHak ve özgürlükler
650 _aDayanışma hakları
942 _2ddc
_cBKS
999 _c6679
_d6679